Champions league final 2022 starting line-up - Statistics

General Stats
  • This quiz has been taken 35 times
  • The average score is 20 of 24
Answer Stats
Positions Players % Correct
Team 2: Real Madrid
97%
Midfield Toni Kroos
97%
Center forward Karim Benzema
94%
Team 1: Liverpool
94%
Midfield Luka Modric
94%
Keeper Thibaut Courtois
94%
Fullback Andrew Robertson
91%
Fullback Carvajal
91%
Fullback Mendy
91%
Center forward Mohammed Salah
91%
WInger Sadio Mané
91%
Winger Vinicius Junior
91%
Centreback Virgil van Dijk
91%
Centreback Eder Militao
88%
Midfield Jordan Henderson
88%
Fullback Trent Alexander-Arnold
88%
Centreback David Alaba
81%
Centreback Ibrahim Konaté
81%
Midfield Casemiro
75%
Midfield Fabinho
72%
WInger Federico Valverde
72%
Midfield Thiago
69%
Winger Luis Diaz
66%
Keeper Allison Becker
56%
No matching quizzes found
Score Distribution
Percent of People with Each Score
Percentile by Number Answered
Your Score History
You have not taken this quiz